000 02286nam a2200421 c 4500
003 BLK
005 20240402163143.0
008 180409b bul|||||r ||||||| ||bul||
010 _aKNG00108213000
020 _a954-771-066-4
_bиздат.: Кръгозор - на том(ч. 2)
040 _aBLK
041 _aBUL
_cBUL
080 _aЛитературна дейност. Редактиране. Култура на речта. Стилистика. Литературна техника
_b808
_x(075)
_z808(075)
080 _aБългарска литература в основното училище. Методика на обучението
_b373.3.016:821.163.2
_x(075.2)
_z373.3.016:821.163.2(075.2)
700 1 _aГеоргиева, Маргарита
_eавт. на том
_gХристова-Плашилска, Маргарита Георгиева
_9369188
700 1 _aСавова, Йорданка Кръстева
_eсъавт. на том
_9374949
139 _aПисмените ученически текстове
_bП 55
245 1 0 _aПисмените ученически текстове
_bЧ. 1 -
_cавт. на том Маргарита Георгиева; съавт. на том Йорданка Кръстева Савова.
_nЧ. 2
_pСъчинения
257 _aBGR
260 София
_c2002
300 _c20 см
380 _a82
500 _aОфс. изд.
504 _a344-348 и под л
650 4 _aСъчинения по литература - методика - учебни помагала
_9243596
653 _aбългарска литература
653 _aучебни помагала
653 _aсъчинение разсъждение
653 _aсъчинение
653 _aпреразказ
760 1 _3- на том(ч. 2)
_dКръгозор, 2003
_h349 с.
_nПълното име на първата авт. е Маргарита Георгиева Христова-Плашилска. - Библиогр. с. 344-348 и под линия.
_tЧ. 2 Съчинения
852 _aЦб 215013
856 4 _qpdf
_u
856 4 _qpdf
_u
942 _cKNG
_n0
_08
944 _aCR
_c13.10.2003
_k30576
_lЦветомила Тодорова
944 _aED
_c29.01.2007
_k
999 _c103141
_d103141